[Event "Team Championship Russia (Blitz, Men)"]
[Site "Sochi"]
[Date "2018.10.10"]
[Round "15.21"]
[White "Alekseenko, Kirill"]
[Black "Triapishko, Alexandr"]
[Result "1-0"]
[BlackElo "2560"]
[WhiteElo "2613"]
[LiveChessVersion "1.4.8"]

1. e4 {[%clk 0:03:04]} c6 {[%clk 0:02:57]} 2. d4 {[%clk 0:03:04]} d5
{[%clk 0:02:59]} 3. exd5 {[%clk 0:03:05]} cxd5 {[%clk 0:03:00]} 4. Bd3
{[%clk 0:03:06]} Nf6 {[%clk 0:03:01]} 5. h3 {[%clk 0:03:07]} Nc6 {[%clk 0:03:00]}
6. c3 {[%clk 0:03:08]} e5 {[%clk 0:02:57]} 7. dxe5 {[%clk 0:03:08]} Nxe5
{[%clk 0:02:59]} 8. Nf3 {[%clk 0:03:09]} Bd6 {[%clk 0:02:40]} 9. Nxe5
{[%clk 0:02:52]} Bxe5 {[%clk 0:02:41]} 10. Qe2 {[%clk 0:02:51]} O-O
{[%clk 0:02:35]} 11. O-O {[%clk 0:02:18]} Re8 {[%clk 0:02:36]} 12. Qf3
{[%clk 0:02:18]} h6 {[%clk 0:02:32]} 13. Na3 {[%clk 0:02:14]} Bb8
{[%clk 0:02:06]} 14. Bf4 {[%clk 0:02:14]} Bxf4 {[%clk 0:01:35]} 15. Qxf4
{[%clk 0:02:15]} Bd7 {[%clk 0:01:35]} 16. Qd4 {[%clk 0:02:12]} Qc7
{[%clk 0:01:28]} 17. Rfe1 {[%clk 0:02:10]} a6 {[%clk 0:01:28]} 18. Nc2
{[%clk 0:02:09]} Rac8 {[%clk 0:01:07]} 19. Re3 {[%clk 0:02:08]} Qc5
{[%clk 0:01:00]} 20. Rae1 {[%clk 0:02:03]} Qxd4 21. Nxd4 {[%clk 0:02:04]} Kf8
{[%clk 0:00:54]} 22. Rxe8+ {[%clk 0:02:00]} Rxe8 {[%clk 0:00:51]} 23. Rd1
{[%clk 0:02:02]} Ke7 {[%clk 0:00:49]} 24. Bc2 {[%clk 0:02:01]} Kd6
{[%clk 0:00:46]} 25. f3 {[%clk 0:02:01]} g6 {[%clk 0:00:39]} 26. Kf2
{[%clk 0:02:01]} h5 {[%clk 0:00:29]} 27. h4 {[%clk 0:02:02]} Re7 {[%clk 0:00:24]}
28. Bb3 {[%clk 0:02:03]} Re8 {[%clk 0:00:25]} 29. Ne2 {[%clk 0:01:59]} Be6
{[%clk 0:00:21]} 30. Rd2 {[%clk 0:01:49]} Rd8 {[%clk 0:00:20]} 31. Kg3
{[%clk 0:01:49]} Ke7 {[%clk 0:00:16]} 32. Nd4 {[%clk 0:01:49]} Kd6
{[%clk 0:00:15]} 33. Kf4 {[%clk 0:01:48]} Nh7 {[%clk 0:00:09]} 34. Re2
{[%clk 0:01:38]} Rc8 {[%clk 0:00:06]} 35. Bc2 {[%clk 0:01:38]} Bd7
{[%clk 0:00:06]} 36. Rd2 {[%clk 0:01:28]} Re8 {[%clk 0:00:06]} 37. Bb3
{[%clk 0:01:27]} Be6 {[%clk 0:00:07]} 38. Nc2 {[%clk 0:01:26]} Nf6
{[%clk 0:00:06]} 39. Ne3 {[%clk 0:01:26]} Kc5 {[%clk 0:00:06]} 40. Rd4
{[%clk 0:01:19]} b5 {[%clk 0:00:06]} 41. Nc2 {[%clk 0:01:18]} a5 {[%clk 0:00:07]}
42. a3 {[%clk 0:01:18]} Ng8 {[%clk 0:00:06]} 43. Rd2 {[%clk 0:01:16]} Ne7
{[%clk 0:00:06]} 44. Ne3 {[%clk 0:01:16]} Rd8 {[%clk 0:00:06]} 45. Ke5
{[%clk 0:01:01]} Nc6+ {[%clk 0:00:06]} 46. Kf6 {[%clk 0:01:02]} d4
{[%clk 0:00:06]} 47. cxd4+ {[%clk 0:01:01]} Rxd4 {[%clk 0:00:04]} 48. Rxd4
{[%clk 0:00:53]} Kxd4 {[%clk 0:00:06]} 49. Bxe6 {[%clk 0:00:48]} fxe6
{[%clk 0:00:07]} 50. Nd1 {[%clk 0:00:37]} Ne5 {[%clk 0:00:09]} 51. Nc3
{[%clk 0:00:38]} b4 {[%clk 0:00:08]} 52. axb4 {[%clk 0:00:36]} axb4
{[%clk 0:00:09]} 53. Ne2+ {[%clk 0:00:37]} Kd5 {[%clk 0:00:06]} 54. Nf4+
{[%clk 0:00:38]} Kd6 {[%clk 0:00:04]} 55. b3 {[%clk 0:00:27]} Nd7+
{[%clk 0:00:06]} 56. Kxg6 {[%clk 0:00:27]} Nc5 {[%clk 0:00:07]} 57. Kxh5 e5 58.
Ne2 {[%clk 0:00:20]} Nxb3 {[%clk 0:00:10]} 59. Kg6 {[%clk 0:00:19]} Nd4
{[%clk 0:00:07]} 60. Nc1 {[%clk 0:00:18]} Ne6 {[%clk 0:00:07]} 61. g3
{[%clk 0:00:14]} Nd4 {[%clk 0:00:06]} 62. h5 {[%clk 0:00:14]} Nxf3
{[%clk 0:00:07]} 63. h6 {[%clk 0:00:16]} e4 {[%clk 0:00:07]} 64. h7
{[%clk 0:00:17]} b3 {[%clk 0:00:04]} 65. h8=Q {[%clk 0:00:16]} Ne5+
{[%clk 0:00:05]} 66. Kf5 {[%clk 0:00:17]} b2 {[%clk 0:00:07]} 67. Qxe5+ Kd5 68.
Kxe4+ 1-0

[Event "Team Championship Russia (Blitz, Men)"]
[Site "Sochi"]
[Date "2018.10.10"]
[Round "15.23"]
[White "Usmanov, Vasily"]
[Black "Papenin, Nikolai"]
[Result "0-1"]
[BlackElo "2337"]
[WhiteElo "2446"]
[LiveChessVersion "1.4.8"]

1. d4 {[%clk 0:03:03]} Nf6 {[%clk 0:03:03]} 2. Bg5 {[%clk 0:03:04]} c5
{[%clk 0:03:05]} 3. Bxf6 {[%clk 0:03:05]} gxf6 {[%clk 0:03:06]} 4. d5
{[%clk 0:03:05]} f5 {[%clk 0:03:07]} 5. c4 {[%clk 0:03:06]} b5 {[%clk 0:03:08]}
6. cxb5 a6 7. bxa6 {[%clk 0:02:50]} Bg7 {[%clk 0:03:11]} 8. Nc3 {[%clk 0:02:48]}
Qa5 {[%clk 0:03:11]} 9. Qd2 {[%clk 0:02:32]} Nxa6 {[%clk 0:02:54]} 10. g3
{[%clk 0:02:29]} Rb8 {[%clk 0:02:51]} 11. Rc1 {[%clk 0:02:20]} Nb4
{[%clk 0:02:37]} 12. b3 {[%clk 0:02:02]} Qa3 {[%clk 0:01:50]} 13. Nf3
{[%clk 0:01:25]} O-O {[%clk 0:01:35]} 14. Bh3 {[%clk 0:01:13]} e6
{[%clk 0:00:52]} 15. O-O {[%clk 0:01:10]} Bb7 {[%clk 0:00:47]} 16. Rfd1
{[%clk 0:00:36]} Nxd5 {[%clk 0:00:35]} 17. Nb5 {[%clk 0:00:31]} Qb4
{[%clk 0:00:30]} 18. Qxb4 {[%clk 0:00:30]} cxb4 {[%clk 0:00:28]} 19. Nd6
{[%clk 0:00:26]} Bc6 {[%clk 0:00:27]} 20. Rc2 {[%clk 0:00:19]} Nc3
{[%clk 0:00:28]} 21. Rdd2 {[%clk 0:00:11]} Nxe2+ {[%clk 0:00:29]} 22. Rxe2 Bxf3
{[%clk 0:00:31]} 23. Re3 {[%clk 0:00:11]} Bc6 {[%clk 0:00:31]} 24. Bg2
{[%clk 0:00:09]} Bc3 {[%clk 0:00:24]} 25. Bxc6 dxc6 {[%clk 0:00:25]} 26. Nc4
{[%clk 0:00:09]} Rfd8 {[%clk 0:00:25]} 27. Kg2 {[%clk 0:00:09]} Ra8
{[%clk 0:00:25]} 28. h3 {[%clk 0:00:09]} Ra6 {[%clk 0:00:26]} 29. g4
{[%clk 0:00:10]} fxg4 {[%clk 0:00:26]} 30. hxg4 {[%clk 0:00:11]} Rd1
{[%clk 0:00:26]} 31. Kf3 {[%clk 0:00:09]} Kg7 {[%clk 0:00:25]} 32. Ree2
{[%clk 0:00:06]} Rd3+ {[%clk 0:00:26]} 33. Kg2 {[%clk 0:00:07]} Rd4
{[%clk 0:00:26]} 34. Kg3 {[%clk 0:00:07]} Kg6 {[%clk 0:00:27]} 35. f4
{[%clk 0:00:09]} Rd3+ {[%clk 0:00:28]} 36. Re3 {[%clk 0:00:09]} Rd1
{[%clk 0:00:27]} 37. Kf3 {[%clk 0:00:10]} h5 {[%clk 0:00:26]} 38. f5+
{[%clk 0:00:09]} exf5 {[%clk 0:00:25]} 39. gxh5+ {[%clk 0:00:10]} Kxh5
{[%clk 0:00:26]} 40. Rg2 {[%clk 0:00:11]} Rf1+ {[%clk 0:00:24]} 41. Ke2
{[%clk 0:00:09]} Rh1 {[%clk 0:00:24]} 42. Kd3 {[%clk 0:00:06]} c5
{[%clk 0:00:20]} 43. Re8 {[%clk 0:00:07]} Rg6 {[%clk 0:00:20]} 44. Rh8+
{[%clk 0:00:07]} Bxh8 {[%clk 0:00:20]} 45. Rxg6 {[%clk 0:00:03]} fxg6
{[%clk 0:00:21]} 46. Kd4 0-1